| 000 | 00511nam a2200181Ia 4500 | ||
|---|---|---|---|
| 008 | 240925s9999 xx 000 0 und d | ||
| 020 | _a8178085119 | ||
| 082 | _a621.78 GRO | ||
| 100 | _aGroover , Mikell ..P | ||
| 245 | 0 | _aAutomation, Production System and Computer-Integrated Manufacturing | |
| 250 | _a2nd | ||
| 260 |
_aSingapore: _bPearson education _c,2005. |
||
| 300 |
_ax,394p. _bNA _fPhotocopy |
||
| 500 | _aIncludes Index | ||
| 600 | _aEngineering Technology | ||
| 650 | _aTechnology | ||
| 942 | _cBK | ||
| 999 |
_c9242 _d9242 |
||